María del Valle (Record no. 125206)

MARC details
000 -LEADER
campo de control de longitud fija 00948nam a2200253 i 4500
001 - NÚMERO DE CONTROL
campo de control 125206
003 - IDENTIFICADOR DE NÚMERO DE CONTROL
campo de control ES-MaACL
005 - FECHA Y HORA DE LA ÚLTIMA TRANSACCIÓN
campo de control 20240524110557.0
007 - CAMPO FIJO DE DESCRIPCIÓN FÍSICA--INFORMACIÓN GENERAL
campo de control de longitud fija t|
008 - DATOS DE LONGITUD FIJA--INFORMACIÓN GENERAL
campo de control de longitud fija 070507s1934 sp ||||1| spa d
080 ## - NÚMERO DE LA CLASIFICACIÓN DECIMAL UNIVERSAL
Número de la Clasificación Decimal Universal 860-23"19"
100 1# - ENTRADA PRINCIPAL--NOMBRE DE PERSONA
Nombre de persona Cueva y de Orejuela, Jorge de la.
9 (RLIN) 42090
245 10 - MENCIÓN DEL TÍTULO
Título María del Valle
Resto del título : comedia en tres actos y en prosa /
Mención de responsabilidad, etc. Jorge y José de la Cueva ; dibujos de Gutiérrez Navas.
260 ## - PUBLICACIÓN, DISTRIBUCIÓN, ETC.
Lugar de publicación, distribución, etc. Madrid :
Nombre del editor, distribuidor, etc. Ribadeneyra,
Fecha de publicación, distribución, etc. 1934.
300 ## - DESCRIPCIÓN FÍSICA
Extensión 77 p. :
Otras características físicas il. ;
Dimensiones 17 cm.
490 1# - MENCIÓN DE SERIE
Mención de serie La Farsa ;
Designación de volumen o secuencia 361
500 ## - NOTA GENERAL
Nota general Estrenada en el Teatro Fontalba de Madrid la noche del 10 de abril de 1934.
500 ## - NOTA GENERAL
Nota general Cubierta de este número: Carmen Díaz en una escena de María del Valle.
700 1# - ENTRADA AGREGADA--NOMBRE PERSONAL
Nombre de persona Cueva y de Orejuela, José de la.
9 (RLIN) 42091
700 1# - ENTRADA AGREGADA--NOMBRE PERSONAL
Nombre de persona Gutiérrez Navas, Manuel,
Fechas asociadas al nombre 1890-1971
9 (RLIN) 61196
830 0# - PUNTO DE ACCESO ADICIONAL DE SERIE-TÍTULO UNIFORME
Título uniforme La Farsa ;
Designación de volumen o secuencia 361
9 (RLIN) 185863
852 ## - LOCALIZACIÓN
Ubicación ES-MaACL
Número de control de estantería 2227-F-1
Sublocalización o colección R.140808
Holdings
Estatus retirado Estado de pérdida Estado de daño No para préstamo Colección Biblioteca de origen Biblioteca actual Ubicación en estantería Fecha de adquisición Fuente de adquisición Total de préstamos Signatura topográfica completa Código de barras Visto por última vez Precio de reemplazo Tipo de ítem Koha
        Colección de folletos Biblioteca del Ateneo de Madrid Biblioteca del Ateneo de Madrid Depósito folletos 17/01/2008     2227-F-1 1130440 23/02/2023 23/02/2023 Folleto